[Event "Saarlouis op 1st"]
[Site "Saarlouis"]
[Date "1998.??.??"]
[Round "7"]
[White "Buchholz, Winfried"]
[Black "Emser, Heinrich"]
[Result "1-0"]
[WhiteElo "1584"]
[BlackElo "1694"]
[PlyCount "129"]
[EventDate "1998.??.??"]
[EventType "swiss"]
[EventRounds "9"]
[EventCountry "GER"]
[SourceTitle "EXT 2006"]
[Source "ChessBase"]
[SourceDate "2005.11.24"]
[SourceVersion "1"]
[SourceVersionDate "2005.11.24"]
[SourceQuality "1"]

1. c4 Nf6 2. b3 g6 3. Bb2 Bg7 4. d3 d6 5. e3 e5 6. Nd2 c5 7. Qc2 Nc6 8. a3 Bf5 9. Ngf3 0-0 10. Be2 Re8 11. 0-0 Qe7 12. Nh4 Bd7 13. g3 Ng4 14. Ng2 Bh6 15. Bf3 Nf6 16. Rad1 Rab8 17. Ne4 Bg7 18. Nc3 a6 19. Nd5 Nxd5 20. Bxd5 b5 21. f4 Nd8 22. Rd2 Bc6 23. Rdf2 Bxd5 24. cxd5 f6 25. e4 Nf7 26. Bc1 Rec8 27. Ne3 Nh6 28. h3 Rb7 29. fxe5 Qxe5 30. Kh2 Rf8 31. Ng2 g5 32. Bb2 Qe7 33. Ne3 Qd8 34. Qd1 Rbf7 35. Ng4 Nxg4+ 36. Qxg4 f5 37. exf5 Bxb2 38. Rxb2 Qf6 39. Rbf2 h6 40. Re2 Re7 41. Rfe1 Re5 42. Rxe5 dxe5 43. Rf1 Rd8 44. Qe4 Kf7 45. Rc1 Qd6 46. b4 cxb4 47. axb4 Qxd5 48. Qxd5+ Rxd5 49. Rc6 Rxd3 50. Rxa6 Kg7 51. Rb6 Rd5 52. g4 e4 53. Rg6+ Kh7 54. Re6 Rd4 55. Kg2 Rxb4 56. Kf2 Kg7 57. Ke3 Rb1 58. Rg6+ Kh7 59. Kxe4 Rb3 60. Ke5 Rxh3 61. Kf6 b4 62. Kf7 b3 63. Rg7+ Kh8 64. Kg6 b2 65. Rh7+ 1-0

[Event "Oberliga NRW 9899 II"]
[Site "Germany"]
[Date "1998.??.??"]
[Round "1.8"]
[White "Roesner, Harald"]
[Black "Buchholz, Winfried"]
[Result "1-0"]
[WhiteElo "1996"]
[BlackElo "1538"]
[PlyCount "65"]
[EventDate "1998.10.10"]
[EventType "team-tourn"]
[EventRounds "9"]
[EventCountry "GER"]
[SourceTitle "EXT 2000"]
[Source "ChessBase"]
[SourceDate "1999.11.16"]
[SourceVersion "1"]
[SourceVersionDate "1999.11.16"]
[SourceQuality "1"]
[WhiteTeam "Neuenkirchen"]
[BlackTeam "Neu Herne"]
[WhiteTeamCountry "GER"]
[BlackTeamCountry "GER"]

1. e4 c5 2. c3 e6 3. d4 cxd4 4. cxd4 d6 5. Nf3 Qc7 6. Nc3 a6 7. a4 b6 8. Be3 Nd7 9. Rc1 Qb8 10. Be2 Ngf6 11. 0-0 Bb7 12. Nd2 Qd8 13. f4 Rc8 14. e5 Nd5 15. Nxd5 Rxc1 16. Qxc1 Bxd5 17. Bxa6 Bxg2 18. Rf2 Bd5 19. Nf3 Be7 20. Rc2 Nc5 21. dxc5 dxc5 22. Bb5+ Kf8 23. Nd4 Qa8 24. Ne2 h5 25. b4 Rh6 26. bxc5 Rg6+ 27. Ng3 h4 28. cxb6 Bb7 29. Bc6 hxg3 30. h3 Bxc6 31. Rxc6 Qe8 32. Rc8 Bd8 33. b7 1-0